000 004400000a22001690004500
041 0 _aENG
082 0 4 _aG 268.45 H289y
100 1 _aHarner, Nevin C. (1901-1951)
245 1 0 _aYouth work in the church / Nevin C. Harner
260 _aNew York, N.Y., USA : Abingdon
300 _a222 Pag
001 7953
942 _cBK
999 _c38153
_d38153
336 _atexto
_btxt
_2rdacontent
337 _2rdamedia
_asin mediación
_bn
338 _2rdacarrier
_avolumen
_bnc